Statistics for Scottish Football Stadiums (SPFL)

Click here to take the quiz!

General Stats

  • This quiz has been taken 824 times
  • The average score is 33 of 41

Answer Stats

HintAnswer% Correct
Celtic ParkCeltic
100%
Ibrox StadiumRangers
100%
Pittodrie StadiumAberdeen
99%
Easter RoadHibernian
99%
Tynecastle StadiumHeart of Midlothian
98%
Dens ParkDundee
97%
Tannadice ParkDundee United
96%
St Mirren ParkSt. Mirren
96%
Fir ParkMotherwell
95%
Falkirk StadiumFalkirk
94%
Rugby ParkKilmarnock
94%
Caledonian StadiumInverness Caledonian Thistle
92%
McDiarmid ParkSt. Johnstone
92%
Firhill StadiumPartick Thistle
91%
Hampden ParkQueen's Park
91%
New Douglas ParkHamilton Academical
85%
Almondvale StadiumLivingston
85%
East End ParkDunfermline
83%
Somerset ParkAyr United
81%
Palmerston ParkQueen of the South
80%
Victoria ParkRoss County
79%
CappielowGreenock Morton
79%
Broadwood StadiumClyde
77%
Stark's ParkRaith Rovers
77%
Excelsior StadiumAirdrieonians
77%
Ochilview ParkStenhousemuir and East Stirlingshire
73%
Gayfield ParkArbroath
73%
Recreation ParkAlloa Athletic
70%
Bayview StadiumEast Fife
69%
Forthbank StadiumStirling Albion
67%
Glebe ParkBrechin City
67%
Station ParkForfar Athletic
66%
Central ParkCowdenbeath
65%
Balmoor StadiumPeterhead
64%
Links ParkMontrose
63%
The Bet Butler StadiumDumbarton
63%
Shielfield ParkBerwick Rangers
62%
Borough BriggsElgin City
61%
CliftonhillAlbion Rovers
61%
Stair ParkStranraer
59%
GalabankAnnan Athletic
59%

Score Distribution

Percentile by Number Answered

Percent of People with Each Score

Your Score History

You have not taken this quiz